009150000a22001690004500090001200000100002100012245011600033260002500149300001200174500005600186502008700242520026700329001000500596942000700601952012000608999001700728 aT B852e1 aBucher, Úrsula10aExégesis e interpretación bíblicas en la Edad Media y en la Reforma - Una comparación / Úrsula Bucher aMedellín, Colombia a150 Pag aTesis (maestría)--Seminario Bíblico de Colombia aPresidente del jurado: Theo Donner; Jurado: Fernando Mosquera; Jurado: Jaime Ortiz a- Exégesis e interpretación Biblica de Tomas de Aquino en Romanos y en la suma Teológica - Exégesis e interpretación de Juan Calvino en Romanos y en la institución de la religión cristiana - La aplicación de la exégesis y la interpretación2860 cBK 001040708TGaFUSBCbFUSBCd2004-11-29l1o T B852ep11768r2024-07-11 00:00:00s2024-07-10t1w2016-01-26yTGB0 c33602d33602